000 00756cam a22002653a 4500
001 25339
003 PGUSA
005 20140828083538.0
008 080505s2008||||xxu|||||s|||||000 | eng d
040 _aPGUSA
_beng
042 _adc
050 4 _aBT
100 1 _aLamartine, Alphonse de,
_d1790-1869
245 1 0 _aAtheism Among the People
_h[electronic resource] /
_cAlphonse de Lamartine
260 _bProject Gutenberg,
_c2008
506 _aPublic domain in the USA.
516 _aElectronic text
653 _aApologetics
653 _aAtheism
700 1 _aLe Baron, Francis,
_d1824-1911
700 1 _aHale, Edward Everett,
_d1822-1909
830 0 _aProject Gutenberg
_v25339
856 4 0 _uhttp://www.gutenberg.org/ebooks/25339
942 _cEB
999 _c254594
_d254594